00561nam a22001817a 450000500170000001000150001702000260003203500140005803700090007208200160008110000270009724500680012425000060019226000430019827000640024130000200030550000540032520260120144857.0 aENG-147561 a9788119798209c999.00 aEN-131093 bDBAD a327.536721 aRoy, Chaitali Banerjee aSadaaqa: Partnership & Cultural Kinship cChaitali Banerjee Roy a1 aNew DelhibHar Anand Publicationc2025 aE-49/3, Okhla Industrial Area, Phase-II,bNew Delhie110020 a293p.c22cm(Hb) a(Conversations with Pioneering Indians & Kuwaitis